| 000 | 00675nam a2200217Ia 4500 | ||
|---|---|---|---|
| 001 | 2447 | ||
| 003 | GE_BSU | ||
| 008 | 181216s||||||||xx |||||||||||||| ||und|| | ||
| 020 | _a5505002218 | ||
| 040 | _cGE_BSU | ||
| 080 | _a795(075.8) | ||
| 245 | _aტანვარჯიში. ნ.1. | ||
| 245 | _bსახელმძღვანელო ფიზიკური კულტურის ინ–ტის სტუდენტებისათვის. | ||
| 260 | _aთბილისი | ||
| 260 | _bგანათლება | ||
| 260 | _c1992 | ||
| 300 | _a264 გვ. | ||
| 541 | _h8 ლ. | ||
| 653 | _aტანვარჯიში | ||
| 942 | _cBK | ||
| 999 |
_c36529 _d36529 |
||